00622nam a2200217 a 4500001001300000003000900013005001700022008004100039020002300080082001500103100001800118245004700136260005000183300000900233500003500242505004000277650002000317650002500337650002400362700001800386nice12345678IN_TiNIC20260116013059.0050524s1997 cama grp 000 0 eng  a0521266 c67500a299.6bHOR aHorton, Robin aPatterns of Thought in Africa and the West aCambridge bCambridge University Press c1997 a471p aincludes index and biblioraphy2 aSeries American Academy of Religion aReligion-Africa aReligion and Science aKnowledge-Sociology1 aHorton, Robin